Space science and technology

Enregistré dans:
Détails bibliographiques
Collectivité auteur: United Nations
Format: Livre
Langue:Undetermined
Publié: Vienna United Nations 1968
Sujets:
Tags: Ajouter un tag
Pas de tags, Soyez le premier à ajouter un tag!
Thư viện lưu trữ: Trung tâm Học liệu Trường Đại học Cần Thơ
LEADER 00451nam a2200169Ia 4500
001 CTU_78090
008 210402s9999 xx 000 0 und d
082 |a 500.5 
082 |b U58 
110 |a United Nations 
245 0 |a Space science and technology 
245 0 |c United Nations 
260 |a Vienna 
260 |b United Nations 
260 |c 1968 
650 |a Astronautics,Space science 
980 |a Trung tâm Học liệu Trường Đại học Cần Thơ